Responsabilidades fiscales de los notarios y generalidades sobre su rǧimen fiscal 2014

Detalles Bibliográficos
Autor principal: Luna Guerra, Antonio
Formato: eBook
Lenguaje:español
Publicado: Mx̌ico D.F.: Ediciones Fiscales ISEF, 2014
Materias:
Acceso en línea:Acceso restringido

MARC

LEADER 00000nam a22000007a 4500
005 20140321150212.0
007 cr|||| ||||
008 140321s2014 mx |||||s|||| 00||0 spa d
020 |a  978-607-406-629-6 
035 |a 11823 
040 |a vLex 
090 |c 4728  |d 4728 
100 1 |a Luna Guerra, Antonio 
245 1 0 |a Responsabilidades fiscales de los notarios y generalidades sobre su rǧimen fiscal 2014  |h [Recurso electrn̤ico] /  |c Antonio Luna Guerra  
256 |a Servicio en ln̕ea 
260 |a Mx̌ico D.F.:  |b Ediciones Fiscales ISEF,  |c 2014 
300 |a 1 recurso electrn̤ico 
506 1 |a Contenido solo disponible en los productos indicados  |d vLex Global  |d vLex Global (Academic Edition, excluding Law Schools)  |d vLex Global (U.S. Academic Edition, Law Schools)  |d vLex Global (U.S. Academic Edition, excluding Law Schools)  |d vLex Global (Academic Edition, Law Schools) 
650 0 4 |a Derecho fiscal  |z Mx̌ico 
650 0 4 |a Notarios  |z Mx̌ico 
740 0 |a vLex libros (Servicio en ln̕ea) 
856 4 0 |u http://vlex.com/source/responsabilidades-fiscales-de-los-notarios-y-generalidades-sobre-su-regimen-fiscal-2014-11823  |z Acceso restringido 
942 |c BOOK 
999 0 |a Taxation 
999 0 |a Notaries